Guess the random Taylor Swift Song Lyrics 69 - Statistics

General Stats
  • This quiz has been taken 17 times
  • The average score is 252 of 307
Answer Stats
Answer % Correct
And
100%
and
100%
are
100%
I
100%
in
100%
In
100%
It
100%
it
100%
me
100%
on
100%
so
100%
the
100%
you
100%
You
100%
your
100%
at
92%
be
92%
Been
92%
been
92%
by
92%
could've
92%
don't
92%
I'm
92%
it's
92%
no
92%
one
92%
thing
92%
think
92%
this
92%
to
92%
we
92%
We
92%
were
92%
Would
92%
would've
92%
you're
92%
But
83%
fun
83%
if
83%
If
83%
know
83%
my
83%
never
83%
some
83%
up
83%
yes
83%
all
75%
baby
75%
bleed
75%
bus
75%
cool
75%
didn't
75%
dream
75%
family
75%
For
75%
gonna
75%
good
75%
grow
75%
had
75%
have
75%
her
75%
loves
75%
night
75%
of
75%
over
75%
own
75%
pool
75%
should've
75%
something
75%
stop
75%
true
75%
20s
67%
alone
67%
alright
67%
another
67%
ask
67%
came
67%
chosen
67%
count
67%
day
67%
defense
67%
different
67%
doing
67%
everything
67%
films
67%
greatest
67%
guess
67%
home
67%
instead
67%
internet
67%
leaving
67%
made
67%
making
67%
meet
67%
new
67%
none
67%
now
67%
pennies
67%
persist
67%
really
67%
resist
67%
Roaring
67%
saw
67%
saying
67%
shit
67%
sweet
67%
take
67%
though
67%
thought
67%
time
67%
today
67%
tossing
67%
waking
67%
wanted
67%
wishes
67%
woman
67%
adventures
58%
digging
58%
enough
58%
grave
58%
Having
58%
hit
58%
numbers
58%
painted
58%
showed
58%
Sunday
58%
well
58%
with
58%
each
50%
ground
50%
matinee
50%
Ooh
50%
(Ooh)
50%
temptation
50%
Rose
42%
flowing
33%
running
33%
No matching quizzes found
Score Distribution
Percent of People with Each Score
Percentile by Number Answered
Your Score History
You have not taken this quiz